[Event "X Abierto Constitucion "]
[Site "San Sebastian de los Reyes "]
[Date "2008.12.01"]
[Round "2.5"]
[White "Morales Rivera, John Alexander"]
[Black "Alonso Garuti, Luis E"]
[Result "1-0"]
[WhiteElo "2338"]
[BlackElo "1986"]
[PlyCount "73"]
[EventDate "2008.11.30"]

1. e4 c5 2. Nf3 e6 3. b3 d5 4. exd5 exd5 5. Bb5+ Bd7 6. Bxd7+ Nxd7 7. O-O Bd6
8. Bb2 Ngf6 9. Re1+ Kf8 10. d4 Rc8 11. Ne5 Qc7 12. Nd2 h5 13. c4 Ng4 14. Ndf3
Kg8 15. cxd5 f6 16. Nxd7 Qxd7 17. Qe2 Qf5 18. Qe6+ Qxe6 19. Rxe6 Rd8 20. Ba3 b6
21. h3 Nh6 22. dxc5 bxc5 23. Rc1 Kf7 24. Bxc5 Bxc5 25. Rxc5 Rd7 26. Nd4 Rhd8
27. Nc6 Rh8 28. Re4 Ng8 29. Ra5 Rc7 30. h4 Nh6 31. Rea4 Kg6 32. Rxa7 Rxa7 33.
Rxa7 Re8 34. Ne7+ Kh7 35. f3 Nf5 36. Nxf5 Re1+ 37. Kh2 1-0

[Event "X Abierto Constitucion "]
[Site "San Sebastian de los Reyes "]
[Date "2008.12.01"]
[Round "2.6"]
[White "Martinez Miura, Enrique"]
[Black "Elissalt Cardenas, Hector"]
[Result "0-1"]
[WhiteElo "1779"]
[BlackElo "2314"]
[PlyCount "82"]
[EventDate "2008.11.30"]

1. e4 c5 2. c4 e6 3. Nc3 Nc6 4. g3 g6 5. Bg2 Bg7 6. Nge2 h5 7. h3 d6 8. d3 Nge7
9. Bg5 Qd7 10. a3 Rb8 11. O-O b6 12. Rb1 Bb7 13. b4 O-O 14. b5 Nd8 15. Qd2 f6
16. Bh6 Nf7 17. Bxg7 Kxg7 18. f4 d5 19. Rbd1 Rbd8 20. Qc2 dxc4 21. dxc4 Qc7 22.
a4 Rxd1 23. Rxd1 Rd8 24. Kh1 Rxd1+ 25. Nxd1 e5 26. Ne3 h4 27. Nd5 Bxd5 28. exd5
hxg3 29. Nxg3 exf4 30. Ne4 Qe5 31. Qd2 Nf5 32. Nf2 Ng3+ 33. Kg1 g5 34. Ng4 Qa1+
35. Kh2 f5 36. d6 fxg4 37. hxg4 Qh1+ 38. Bxh1 Nf1+ 39. Kg1 Nxd2 40. d7 Nxc4 41.
Bd5 Nce5 0-1

[Event "X Abierto Constitucion "]
[Site "San Sebastian de los Reyes "]
[Date "2008.12.01"]
[Round "2.8"]
[White "Ramirez Garcia, Jorge Alberto"]
[Black "Camarero Izquierdo, Juan Carlos"]
[Result "1-0"]
[WhiteElo "2238"]
[BlackElo "1939"]
[PlyCount "69"]
[EventDate "2008.11.30"]

1. e4 c5 2. Nf3 d6 3. d4 cxd4 4. Nxd4 Nf6 5. Nc3 a6 6. Be3 b5 7. f3 Bb7 8. g4
Nc6 9. g5 Nd7 10. a4 b4 11. Nd5 Nxd4 12. Qxd4 Bxd5 13. exd5 Rc8 14. Bxa6 Rxc2
15. Qxb4 g6 16. Bd3 Rc8 17. Bb5 Bg7 18. Bb6 Rc7 19. Qa5 O-O 20. Bxc7 Qc8 21.
O-O Bxb2 22. Ra2 Bd4+ 23. Kg2 Ne5 24. Be2 Qf5 25. Bb6 Qxg5+ 26. Kh1 Bxb6 27.
Qxb6 Nd7 28. Qd4 Nf6 29. Bc4 Nh5 30. a5 Nf4 31. a6 h6 32. a7 Kh7 33. Qg1 Ra8
34. Qxg5 hxg5 35. Rb1 1-0

[Event "X Abierto Constitucion "]
[Site "San Sebastian de los Reyes "]
[Date "2008.12.01"]
[Round "2.9"]
[White "Rodenas Riesco, Alfonso"]
[Black "Adan Bermudez, Sergio"]
[Result "0-1"]
[WhiteElo "1627"]
[BlackElo "2227"]
[PlyCount "48"]
[EventDate "2008.11.30"]

1. d4 Nf6 2. c4 e6 3. a3 b6 4. Nf3 Bb7 5. e3 c5 6. Be2 cxd4 7. Qxd4 Nc6 8. Qd1
Qc7 9. O-O Bd6 10. Nbd2 g5 11. g3 Rg8 12. b4 g4 13. Nd4 Nxd4 14. exd4 Qc6 15.
f3 Qc7 16. Bb2 Bxg3 17. d5 gxf3 18. Bxf3 Be5+ 19. Kf2 Bxb2 20. Ra2 Qxh2+ 21.
Ke3 Qe5+ 22. Kd3 Nxd5 23. cxd5 Ba6+ 24. Kc2 Qc3+ 0-1

[Event "X Abierto Constitucion "]
[Site "San Sebastian de los Reyes "]
[Date "2008.12.01"]
[Round "2.12"]
[White "Barria Zuñiga, Daniel"]
[Black "Farmer Negrini, Leo"]
[Result "1-0"]
[WhiteElo "2423"]
[BlackElo "1794"]
[PlyCount "51"]
[EventDate "2008.11.30"]

1. e4 c5 2. Nf3 Nc6 3. d4 cxd4 4. Nxd4 a6 5. Nc3 e6 6. Be3 g6 7. Nxc6 bxc6 8.
Qd4 Qf6 9. e5 Qe7 10. Ne4 Qb4+ 11. Qxb4 Bxb4+ 12. c3 Be7 13. O-O-O f5 14. Nc5
Bxc5 15. Bxc5 Nh6 16. h3 Nf7 17. f4 Rb8 18. g4 Rg8 19. Be2 h6 20. gxf5 gxf5 21.
Rhg1 Rh8 22. Rg7 Rb5 23. Bxb5 axb5 24. Rdg1 d6 25. Bxd6 Nxd6 26. exd6 1-0

[Event "X Abierto Constitucion "]
[Site "San Sebastian de los Reyes "]
[Date "2008.12.01"]
[Round "2.13"]
[White "Cruz Condori, Alfredo"]
[Black "Ruiz Quevedo, Andres"]
[Result "1-0"]
[WhiteElo "2143"]
[BlackElo "1903"]
[PlyCount "43"]
[EventDate "2008.11.30"]

1. Nf3 c5 2. e4 d6 3. Bb5+ Bd7 4. Bxd7+ Qxd7 5. O-O Nc6 6. c3 Nf6 7. Re1 e5 8.
d4 h6 9. Na3 Be7 10. Nc4 Qc7 11. Ne3 cxd4 12. Nd5 Qd7 13. cxd4 Nxd5 14. exd5
Nxd4 15. Nxd4 exd4 16. b3 O-O 17. Bb2 Bf6 18. Bxd4 Bxd4 19. Qxd4 b6 20. Re3
Rfe8 21. Rg3 Re5 22. f4 1-0

[Event "X Abierto Constitucion "]
[Site "San Sebastian de los Reyes "]
[Date "2008.12.01"]
[Round "2.15"]
[White "Vukotic Jovsic, Dragan"]
[Black "Piriz Fernandez, Daniel"]
[Result "1-0"]
[WhiteElo "2066"]
[BlackElo "1770"]
[PlyCount "97"]
[EventDate "2008.11.30"]

1. d4 Nf6 2. Bf4 d6 3. Nf3 g6 4. e3 Bg7 5. Be2 O-O 6. O-O Bf5 7. h3 Nbd7 8. c4
c6 9. Nc3 Nb6 10. Nh4 Be6 11. b3 Bc8 12. e4 Nfd7 13. Nf3 c5 14. Be3 cxd4 15.
Bxd4 Nf6 16. a4 Bd7 17. a5 Nc8 18. Qc2 e5 19. Be3 Be6 20. Rfd1 Qe7 21. a6 b6
22. Nb5 Ne8 23. Bc1 f5 24. Ba3 Bd7 25. Qd2 Bxb5 26. Qd5+ Kh8 27. Qxa8 Nc7 28.
Qb7 Bxa6 29. Qc6 fxe4 30. Qxe4 Rf4 31. Qc6 e4 32. Ra2 exf3 33. Bxf3 Be5 34. Bc1
Rf7 35. Rxa6 Nxa6 36. Qxc8+ Qf8 37. Qxa6 Rxf3 38. gxf3 Qxf3 39. Qc8+ Kg7 40.
Qg4 Qxb3 41. Bg5 h5 42. Qd7+ Kg8 43. Qe6+ Kg7 44. Re1 Qc3 45. Re3 Qa1+ 46. Kg2
a5 47. Rf3 Qa4 48. Qe7+ Kg8 49. Rf8# 1-0

[Event "X Abierto Constitucion "]
[Site "San Sebastian de los Reyes "]
[Date "2008.12.01"]
[Round "2.16"]
[White "Fernandez Aransay, Fernando"]
[Black "Serrano Nuñez, Dario"]
[Result "1-0"]
[WhiteElo "1958"]
[BlackElo "2012"]
[PlyCount "59"]
[EventDate "2008.11.30"]

1. e4 e5 2. Nf3 Nc6 3. d4 exd4 4. Nxd4 Bc5 5. Be3 Bb6 6. Bc4 Qf6 7. c3 Nge7 8.
O-O O-O 9. f4 d6 10. Na3 Be6 11. Be2 Rae8 12. Nac2 Bd7 13. Nb5 Rc8 14. Bxb6
axb6 15. e5 Qe6 16. exd6 cxd6 17. Nxd6 Rc7 18. Bc4 Qg4 19. Ne3 Qxd1 20. Raxd1
Be6 21. f5 Bc8 22. f6 gxf6 23. Rxf6 Ne5 24. Bb3 Kg7 25. Rf2 Be6 26. Nef5+ Nxf5
27. Nxf5+ Bxf5 28. Rxf5 Re7 29. Rd6 Nd7 30. Bd5 1-0

[Event "X Abierto Constitucion "]
[Site "San Sebastian de los Reyes "]
[Date "2008.12.01"]
[Round "2.21"]
[White "Morona Minguez, Irene"]
[Black "Ramos Fernandez, Pedro"]
[Result "0-1"]
[WhiteElo "1743"]
[BlackElo "2161"]
[PlyCount "80"]
[EventDate "2008.11.30"]

1. e4 c5 2. Nc3 Nc6 3. g3 e6 4. Bg2 d6 5. d3 g6 6. Nge2 Bg7 7. Be3 Nd4 8. Qd2
Qa5 9. O-O Ne7 10. Kh1 Nxe2 11. Nxe2 Qxd2 12. Bxd2 Bxb2 13. Rab1 Bg7 14. f4 Rb8
15. Nc3 Bd7 16. e5 dxe5 17. Bxb7 Rxb7 18. Ne4 Bc6 19. Rxb7 Bxb7 20. Rb1 Bc6 21.
Kg1 O-O 22. Be3 exf4 23. Bxc5 Re8 24. Bxa7 fxg3 25. hxg3 Bxe4 26. dxe4 Nc6 27.
Bc5 Ra8 28. a3 Bd4+ 29. Bxd4 Nxd4 30. c4 Rxa3 31. Rd1 e5 32. Kf2 Rf3+ 33. Kg2
Rc3 34. Ra1 Rxc4 35. Ra5 Rc2+ 36. Kf1 f6 37. Ra8+ Kg7 38. Ra7+ Kh6 39. Rf7 f5
40. exf5 Nxf5 0-1

[Event "X Abierto Constitucion "]
[Site "San Sebastian de los Reyes "]
[Date "2008.12.01"]
[Round "2.22"]
[White "Jimenez Vera, Ruben"]
[Black "Vazquez Gonzalez, Jesus"]
[Result "0-1"]
[WhiteElo "1551"]
[BlackElo "2071"]
[PlyCount "80"]
[EventDate "2008.11.30"]

1. d4 d5 2. c4 dxc4 3. Nc3 Nf6 4. Nf3 c6 5. g3 b5 6. a3 g6 7. Bg2 Bg7 8. O-O
Nd5 9. e4 Nxc3 10. bxc3 Bb7 11. Bf4 Nd7 12. Re1 Qa5 13. Qc2 O-O 14. Bh3 Rfd8
15. Qb2 c5 16. Bxd7 Rxd7 17. Ne5 Bxe5 18. Bxe5 f6 19. Bf4 cxd4 20. cxd4 Rc8 21.
Qb4 Qxb4 22. axb4 a6 23. d5 c3 24. Be3 Rc4 25. Bc5 Kf7 26. f3 e6 27. d6 f5 28.
h4 c2 29. exf5 gxf5 30. g4 fxg4 31. fxg4 Rxg4+ 32. Kh2 Rxh4+ 33. Kg3 Rc4 34.
Rf1+ Kg8 35. Be3 Rg7+ 36. Kf2 Rg2+ 37. Ke1 Re4 38. Rf3 Rg1+ 39. Kd2 Rxa1 40.
Bh6 c1=Q+ 0-1

[Event "X Abierto Constitucion "]
[Site "San Sebastian de los Reyes "]
[Date "2008.12.01"]
[Round "2.23"]
[White "Gueler Berdasco, Martin"]
[Black "Nieto Esteban, Manuel"]
[Result "1/2-1/2"]
[WhiteElo "1891"]
[BlackElo "1811"]
[PlyCount "62"]
[EventDate "2008.11.30"]

1. d4 d5 2. Nf3 Nf6 3. Bg5 Ne4 4. Bf4 e6 5. Nbd2 Nxd2 6. Qxd2 Bd6 7. O-O-O Bxf4
8. Qxf4 Nd7 9. g4 c6 10. g5 h6 11. gxh6 Rxh6 12. Rg1 Kf8 13. e3 Qf6 14. Qd6+
Kg8 15. Rg3 Rg6 16. Bd3 Rxg3 17. Qxg3 c5 18. c3 b6 19. Ne5 Nxe5 20. dxe5 Qh6
21. c4 Bb7 22. cxd5 Bxd5 23. Kb1 g6 24. e4 Bc6 25. Bc2 Qf8 26. Qg5 Kh7 27. Rd6
Rc8 28. h4 Rc7 29. Qf6 Qh8 30. Qg5 Qf8 31. Qf6 Qh8 1/2-1/2

[Event "X Abierto Constitucion "]
[Site "San Sebastian de los Reyes "]
[Date "2008.12.01"]
[Round "2.24"]
[White "Pareja Alvarez, Diego"]
[Black "Garcia Lopez, Fernando"]
[Result "0-1"]
[WhiteElo "1866"]
[BlackElo "1675"]
[PlyCount "70"]
[EventDate "2008.11.30"]

1. e4 e5 2. Nf3 Nc6 3. d4 exd4 4. Bc4 Bb4+ 5. c3 dxc3 6. bxc3 Qf6 7. Qb3 Ba5 8.
O-O Nge7 9. Bg5 Qg6 10. Bxe7 Nxe7 11. Ne5 Qxe4 12. Nxf7 Rf8 13. Nd2 Qf5 14.
Rae1 Rxf7 15. Bxf7+ Qxf7 16. Qa3 Bb6 17. Re2 Kd8 18. Rfe1 Nc6 19. Nf3 d6 20.
Ng5 Qg6 21. Qb3 Ne5 22. Nf7+ Qxf7 23. Qxf7 Nxf7 24. Re8+ Kd7 25. R1e7+ Kc6 26.
Rxf7 Ba5 27. Rxg7 b5 28. Rxh7 Bb7 29. Rxa8 Bxa8 30. g4 Bxc3 31. f4 b4 32. Kf2
Kb6 33. Ke3 Bd5 34. g5 Bxa2 35. Re7 b3 0-1

[Event "X Abierto Constitucion "]
[Site "San Sebastian de los Reyes "]
[Date "2008.12.01"]
[Round "2.25"]
[White "Peinador Garcia-Aranda, Dam"]
[Black "Cruz Martin, Francisco"]
[Result "0-1"]
[WhiteElo "1825"]
[BlackElo "1547"]
[PlyCount "110"]
[EventDate "2008.11.30"]

1. d4 f5 2. Nf3 e6 3. b3 d5 4. e3 Nf6 5. Bd3 Bd6 6. Ba3 O-O 7. c4 c6 8. Bxd6
Qxd6 9. c5 Qd8 10. O-O a5 11. Nc3 Nbd7 12. Qc2 Ne4 13. Na4 Rf6 14. Ne5 Rh6 15.
f3 Nef6 16. Nxd7 Nxd7 17. a3 Qh4 18. g3 Qd8 19. b4 b5 20. cxb6 Bb7 21. Nc5 Nxc5
22. Qxc5 a4 23. Rab1 Rg6 24. Bc2 Ba6 25. Rf2 Bb5 26. e4 Rf6 27. e5 Rf8 28. f4
Rb8 29. g4 fxg4 30. f5 h5 31. fxe6 Rxf2 32. e7 Qe8 33. Kxf2 Rb7 34. e6 Rxe7 35.
Bg6 Qf8+ 36. Bf7+ Rxf7+ 37. exf7+ Qxf7+ 38. Ke3 Qf3+ 39. Kd2 Qd3+ 40. Kc1 Qxa3+
41. Rb2 Bc4 42. b7 Qa1+ 43. Kc2 a3 44. b8=Q+ Kh7 45. Rb1 Qa2+ 46. Kc3 Qxb1 47.
b5 Qb3+ 48. Kd2 Qd3+ 49. Kc1 Qc3+ 50. Kd1 a2 51. Qh8+ Kxh8 52. Qf8+ Kh7 53.
Qf5+ Kh6 54. Qf4+ Kg6 55. Qd6+ Kh7 0-1

[Event "X Abierto Constitucion "]
[Site "San Sebastian de los Reyes "]
[Date "2008.12.02"]
[Round "3.1"]
[White "Roa Alonso, Santiago"]
[Black "Elissalt Cardenas, Hector"]
[Result "1-0"]
[WhiteElo "2457"]
[BlackElo "2314"]
[PlyCount "49"]
[EventDate "2008.11.30"]

1. e4 c5 2. Nf3 e6 3. d4 cxd4 4. Nxd4 a6 5. Nc3 Qc7 6. Bd3 Nf6 7. O-O Nc6 8.
Be3 Bd6 9. h3 b5 10. a3 Bb7 11. Qd2 Nxd4 12. Bxd4 Bf4 13. Qe2 e5 14. Be3 Bxe3
15. fxe3 Qb6 16. Rf5 O-O 17. Raf1 Rfe8 18. Kh1 Re6 19. Nd5 Nxd5 20. exd5 Bxd5
21. e4 Bc6 22. Rxf7 Qc5 23. b4 Qd6 24. c4 h6 25. c5 1-0

[Event "X Abierto Constitucion "]
[Site "San Sebastian de los Reyes "]
[Date "2008.12.02"]
[Round "3.2"]
[White "Candela Perez, Jose"]
[Black "Ramirez Garcia, Jorge Alberto"]
[Result "1-0"]
[WhiteElo "2402"]
[BlackElo "2238"]
[PlyCount "165"]
[EventDate "2008.11.30"]

1. c4 e6 2. Nf3 d5 3. d4 c6 4. Nc3 Nf6 5. Bg5 h6 6. Bxf6 Qxf6 7. e3 Nd7 8. Bd3
dxc4 9. Bxc4 g6 10. e4 e5 11. d5 Nb6 12. Be2 Bg4 13. dxc6 bxc6 14. Nd2 Be6 15.
O-O Be7 16. Bg4 O-O 17. Bxe6 Qxe6 18. Qc2 Rfd8 19. Rad1 Rd7 20. Nf3 Rad8 21. b3
Kg7 22. h3 Rxd1 23. Nxd1 Nd7 24. Qc3 f5 25. exf5 gxf5 26. Ne3 Bf6 27. Qa5 f4
28. Ng4 e4 29. Re1 Qd5 30. Qc7 Rf8 31. Nfe5 Bxe5 32. Nxe5 Qxe5 33. Qxd7+ Rf7
34. Qxc6 e3 35. fxe3 fxe3 36. Qc1 e2 37. Qa1 Qxa1 38. Rxa1 Rd7 39. Re1 Rd2 40.
Kf2 Rxa2 41. Rxe2 Ra3 42. Rb2 a5 43. Ke1 a4 44. b4 Ra1+ 45. Kd2 a3 46. Rc2 Kf6
47. Kc3 Ke5 48. Kb3 Kd5 49. Ra2 Rb1+ 50. Kxa3 Kc6 51. Rf2 Rg1 52. Ka4 Ra1+ 53.
Kb3 Rb1+ 54. Kc4 Rc1+ 55. Kb3 Rg1 56. Rf6+ Kb5 57. Rxh6 Rxg2 58. Rh5+ Kb6 59.
Kc4 Rc2+ 60. Kd4 Rb2 61. Kc3 Rh2 62. Kb3 Rh1 63. Rh4 Kb5 64. Kc2 Kc6 65. Kd2
Rb1 66. Rd4 Rb2+ 67. Ke1 Rh2 68. h4 Kb5 69. Kf1 Kc6 70. Kg1 Re2 71. h5 Re7 72.
h6 Rh7 73. Rh4 Kd7 74. Kg2 Ke8 75. Kf3 Kf7 76. Ke4 Ke6 77. Rh1 Kf7 78. Kd5 Ke7
79. Kc6 Kd8 80. b5 Kc8 81. b6 Rc7+ 82. Kd6 Rh7 83. Ke6 1-0

[Event "X Abierto Constitucion "]
[Site "San Sebastian de los Reyes "]
[Date "2008.12.02"]
[Round "3.3"]
[White "Taboas Rodriguez, Daniel"]
[Black "Sanchez Camacho, Antonio"]
[Result "1-0"]
[WhiteElo "2349"]
[BlackElo "2205"]
[PlyCount "87"]
[EventDate "2008.11.30"]

1. d4 Nf6 2. Nf3 g6 3. c4 Bg7 4. Nc3 d5 5. cxd5 Nxd5 6. e4 Nxc3 7. bxc3 c5 8.
Be3 Qa5 9. Qd2 Nc6 10. Rc1 cxd4 11. cxd4 Qxd2+ 12. Kxd2 O-O 13. d5 Rd8 14. Ke1
Na5 15. Bg5 Bd7 16. Bd3 Rdc8 17. Ke2 e6 18. Bd2 exd5 19. exd5 Re8+ 20. Be3 Ba4
21. Rc5 b6 22. Rc7 f5 23. g3 Red8 24. Rhc1 Rxd5 25. Rc8+ Rd8 26. R8c7 Rd5 27.
Ng5 Rad8 28. Ne6 R8d7 29. Rxd7 Rxd7 30. Rc8+ Kf7 31. Ng5+ Ke7 32. Nxh7 Bd1+ 33.
Kxd1 Rxd3+ 34. Kc2 Rd7 35. Bg5+ Kf7 36. Bd2 Nb7 37. Ng5+ Ke7 38. Bb4+ Nd6 39.
Rc6 a5 40. Ba3 b5 41. Bc5 Kf6 42. f4 Bf8 43. Kb3 Be7 44. Bd4# 1-0

[Event "X Abierto Constitucion "]
[Site "San Sebastian de los Reyes "]
[Date "2008.12.02"]
[Round "3.4"]
[White "Adan Bermudez, Sergio"]
[Black "Morales Rivera, John Alexander"]
[Result "1-0"]
[WhiteElo "2227"]
[BlackElo "2338"]
[PlyCount "83"]
[EventDate "2008.11.30"]

1. c4 e5 2. g3 Nf6 3. Bg2 Nc6 4. Nc3 Bc5 5. e3 a6 6. Nge2 O-O 7. O-O d6 8. a3
Ba7 9. h3 Be6 10. Nd5 Ne8 11. d4 Na5 12. b3 c6 13. Nb4 b5 14. Nxc6 Nxc6 15. d5
Bxh3 16. Bxh3 Ne7 17. cxb5 axb5 18. Qd3 Qb6 19. e4 Qb7 20. Bg5 f6 21. Bd2 Nc7
22. a4 bxa4 23. bxa4 Qa6 24. Qf3 Bc5 25. Nc1 f5 26. Bxf5 g6 27. Qg4 Nxf5 28.
exf5 Rxf5 29. Nb3 Ba7 30. Rac1 Qb7 31. Qb4 Qxb4 32. Bxb4 Nxd5 33. Bxd6 Rf3 34.
Nc5 Rc8 35. Ne4 Ra8 36. Kg2 Rd3 37. Bxe5 Bd4 38. Rfd1 Rxd1 39. Rxd1 Ne3+ 40.
fxe3 Bxe3 41. Rd5 Re8 42. a5 {Ilegible. 1-0 en 4X jugadas.} 1-0

[Event "X Abierto Constitucion "]
[Site "San Sebastian de los Reyes "]
[Date "2008.12.02"]
[Round "3.5"]
[White "Anton Veiga, Juan Carlos"]
[Black "Almagro Llamas, Pablo"]
[Result "0-1"]
[WhiteElo "2144"]
[BlackElo "2476"]
[PlyCount "44"]
[EventDate "2008.11.30"]

1. e4 c6 2. d4 d5 3. Nc3 dxe4 4. Nxe4 Bf5 5. Ng3 Bg6 6. h4 h6 7. Nh3 e6 8. Nf4
Bh7 9. Bc4 Nf6 10. c3 Bd6 11. Qe2 O-O 12. O-O Re8 13. Be3 Nbd7 14. Bb3 e5 15.
dxe5 Nxe5 16. Rad1 Nfg4 17. Nh3 Qe7 18. Bf4 Rad8 19. Bxe5 Nxe5 20. Rfe1 Qxh4
21. Qe3 Bg6 22. Qxa7 Nf3+ 0-1

[Event "X Abierto Constitucion "]
[Site "San Sebastian de los Reyes "]
[Date "2008.12.02"]
[Round "3.6"]
[White "Rodrigo Yanguas, Maria"]
[Black "Barria Zuñiga, Daniel"]
[Result "0-1"]
[WhiteElo "2037"]
[BlackElo "2423"]
[PlyCount "78"]
[EventDate "2008.11.30"]

1. e4 d5 2. exd5 Qxd5 3. Nc3 Qa5 4. d4 Nf6 5. Nf3 Nc6 6. Bb5 Bd7 7. Bd2 Qb6 8.
a4 a6 9. a5 Qa7 10. Bc4 Nxd4 11. Ne5 Be6 12. Be3 Bxc4 13. Bxd4 c5 14. Be3 Rd8
15. Qf3 Bd5 16. Qf4 Bc6 17. Nxc6 bxc6 18. Qc4 e6 19. Na4 Nd5 20. Bxc5 Bxc5 21.
Nxc5 O-O 22. Nxa6 c5 23. Nxc5 Rc8 24. b4 Nxb4 25. Qxb4 Rxc5 26. O-O Rxc2 27.
Qf4 Rfc8 28. Rfc1 Qxa5 29. Rd1 Qc7 30. Qe3 g6 31. h3 Qc5 32. Qf3 Qf5 33. Qe3
R8c3 34. Ra8+ Kg7 35. Qd4+ e5 36. Qb6 Rb3 37. g4 Qf3 38. Rg8+ Kxg8 39. Rd8+ Kg7
0-1

[Event "X Abierto Constitucion "]
[Site "San Sebastian de los Reyes "]
[Date "2008.12.02"]
[Round "3.7"]
[White "Perez Cameselle, Francisco"]
[Black "Garcia Fernandez, Carlos"]
[Result "0-1"]
[WhiteElo "2010"]
[BlackElo "2396"]
[PlyCount "128"]
[EventDate "2008.11.30"]

1. Nf3 c5 2. g3 d5 3. Bg2 Nc6 4. O-O g6 5. d3 Bg7 6. Nbd2 e6 7. e4 Nge7 8. Re1
Qc7 9. c3 h6 10. Qe2 b6 11. Nf1 Ba6 12. exd5 Nxd5 13. c4 Nde7 14. Bf4 Qc8 15.
h4 Bb7 16. N1h2 Nf5 17. Rab1 O-O 18. a3 a5 19. Ne5 Ncd4 20. Qd1 Bxg2 21. Kxg2
Qb7+ 22. Kg1 a4 23. Nhf3 Bxe5 24. Nxe5 f6 25. Nxg6 Nf3+ 26. Kf1 Nxe1 27. Kxe1
Qh1+ 28. Kd2 Qxd1+ 29. Rxd1 Rf7 30. g4 Nd4 31. h5 Kh7 32. Be3 Rd8 33. f4 Nc6
34. Ke2 Rfd7 35. Nh4 e5 36. Rd2 exf4 37. Bxf4 Nd4+ 38. Kf2 Ne6 39. Be3 Rxd3 40.
Rxd3 Rxd3 41. Nf5 Rb3 42. Bc1 Ng5 43. Ne3 Ne4+ 44. Ke2 Nd6 45. Nd5 Nxc4 46.
Nxf6+ Kg7 47. Ne4 Ne5 48. g5 hxg5 49. Nxg5 Ng4 50. Ne6+ Kf6 51. Nf4 Kf5 52. Nd5
Nf6 53. Nc3 b5 54. h6 Kg6 55. Kd1 Ng4 56. Ne4 Rd3+ 57. Ke2 Rd8 58. Nxc5 Nxh6
59. b4 Nf5 60. Ne4 Nd4+ 61. Kd3 Nb3+ 62. Kc2 Rc8+ 63. Nc5 Nxc5 64. bxc5 Rxc5+
0-1

[Event "X Abierto Constitucion "]
[Site "San Sebastian de los Reyes "]
[Date "2008.12.02"]
[Round "3.8"]
[White "Lopez Del Alamo, Antonio"]
[Black "Heras Cuenca, Miguel Angel"]
[Result "1-0"]
[WhiteElo "2311"]
[BlackElo "2008"]
[PlyCount "103"]
[EventDate "2008.11.30"]

1. e4 e5 2. Nf3 Nf6 3. Nxe5 d6 4. Nf3 Nxe4 5. Nc3 Nxc3 6. dxc3 Be7 7. Be3 Nd7
8. Qd2 Ne5 9. O-O-O Bg4 10. Be2 Nxf3 11. gxf3 Be6 12. Kb1 Qd7 13. Bd4 Rg8 14.
Rhg1 g6 15. c4 h5 16. b3 a5 17. f4 h4 18. Bf3 c5 19. Bc3 Qc7 20. Rge1 a4 21.
Bd5 axb3 22. axb3 Bxd5 23. Qxd5 Kf8 24. Rd3 Qc6 25. Rde3 Qxd5 26. cxd5 Re8 27.
Bf6 Bxf6 28. Rxe8+ Kg7 29. Rxg8+ Kxg8 30. Re8+ Kg7 31. c4 g5 32. fxg5 Bxg5 33.
h3 Kf6 34. Kc2 Kf5 35. Kd3 Kf4 36. Ke2 Kf5 37. Kf3 Bf6 38. Rf8 Kg6 39. Ke4 Be7
40. Re8 Kf6 41. Rb8 Kg6 42. Rxb7 f5+ 43. Ke3 Bg5+ 44. f4 Bh6 45. Re7 Bf8 46.
Re8 Kf7 47. Rxf8+ Kxf8 48. Kd2 Ke8 49. Kc3 Kd8 50. b4 Kc7 51. bxc5 dxc5 52. Kb3
1-0

[Event "X Abierto Constitucion "]
[Site "San Sebastian de los Reyes "]
[Date "2008.12.02"]
[Round "3.9"]
[White "Castejon Caballero, Andres"]
[Black "Cruz Condori, Alfredo"]
[Result "1-0"]
[WhiteElo "2003"]
[BlackElo "2143"]
[PlyCount "153"]
[EventDate "2008.11.30"]

1. e4 c5 2. Nf3 e6 3. d4 cxd4 4. Nxd4 a6 5. Bd3 Qc7 6. O-O Nc6 7. Nxc6 dxc6 8.
c4 e5 9. Be3 Nf6 10. f3 Nd7 11. Kh1 a5 12. f4 Bc5 13. Bd2 Bd4 14. Nc3 exf4 15.
Bxf4 Be5 16. g3 O-O 17. Rc1 Nc5 18. Bc2 f6 19. Qh5 Qf7 20. Qxf7+ Rxf7 21. Bxe5
fxe5 22. Rxf7 Kxf7 23. Kg2 Be6 24. b3 Ke7 25. Rd1 Rf8 26. Rd2 h5 27. Bd1 g6 28.
h3 {(=)} h4 29. g4 Bc8 30. Bf3 Ne6 31. Ne2 Ng5 32. Rd3 Be6 33. Nc3 Ra8 34. Bd1
a4 35. Nxa4 b5 36. cxb5 cxb5 37. Nc3 b4 38. Na4 Rf8 39. Nc5 Rc8 40. Na6 Nxe4
41. Nxb4 Rc1 42. Bf3 Nc3 43. Re3 Kd6 44. Rxe5 Kxe5 45. Nd3+ Kd4 46. Nxc1 Ke3
47. b4 Bxa2 48. Nxa2 Nxa2 49. b5 Nb4 50. b6 g5 51. b7 Na6 52. Bc6 Nb8 53. Bb5
Ke4 54. Kf2 Kf4 55. Be8 Na6 56. Bc6 Nb8 57. Bb5 Ke4 58. Ke2 Kf4 59. Kd3 Kf3 60.
Kd4 Kg3 61. Ke5 Kxh3 62. Kf5 Kg3 63. Kxg5 h3 64. Bc4 Nd7 65. Bb3 Nb8 66. Kh5
Kf4 67. g5 h2 68. Bd5 Ke5 69. Bh1 Kd6 70. g6 Nd7 71. g7 Kc7 72. Kg6 Ne5+ 73.
Kh7 Ng4 74. g8=Q Nf6+ 75. Kg7 Nxg8 76. Kxg8 Kb8 77. Kf7 1-0

[Event "X Abierto Constitucion "]
[Site "San Sebastian de los Reyes "]
[Date "2008.12.02"]
[Round "3.10"]
[White "Ramos Aldoradin, John Paul"]
[Black "Fernandez Aransay, Fernando"]
[Result "1-0"]
[WhiteElo "2102"]
[BlackElo "1958"]
[PlyCount "69"]
[EventDate "2008.11.30"]

1. e4 c6 2. d4 d5 3. e5 Bf5 4. c3 e6 5. Be3 Nd7 6. a3 a5 7. c4 dxc4 8. Bxc4 Nb6
9. Bd3 Ne7 10. Nf3 Bxd3 11. Qxd3 Nf5 12. O-O Be7 13. Nc3 O-O 14. g4 Nh4 15.
Nxh4 Bxh4 16. Qe2 Nd5 17. Ne4 Be7 18. Kh1 Nc7 19. Rg1 Qd5 20. f3 Rfd8 21. g5
Qb5 22. Qc2 Nd5 23. Nf6+ Bxf6 24. gxf6 g6 25. Bf2 Nc7 26. Rg3 c5 27. Qd2 Qe8
28. Rh3 Qf8 29. Qg5 Kh8 30. Rg1 Nd5 31. Rg4 Nxf6 32. Qxf6+ Qg7 33. Rgh4 Qxf6
34. Rxh7+ Kg8 35. exf6 1-0

[Event "X Abierto Constitucion "]
[Site "San Sebastian de los Reyes "]
[Date "2008.12.02"]
[Round "3.11"]
[White "Sierra Bermejo, Gregorio"]
[Black "Vukotic Jovsic, Dragan"]
[Result "0-1"]
[WhiteElo "1792"]
[BlackElo "2066"]
[PlyCount "94"]
[EventDate "2008.11.30"]

1. c4 e6 2. Nc3 Nf6 3. Nf3 d5 4. e3 Be7 5. d4 O-O 6. Bd3 c5 7. dxc5 Bxc5 8. O-O
Nc6 9. cxd5 Nxd5 10. Ne4 Be7 11. a3 f5 12. Ng3 a6 13. Qc2 Ncb4 14. Qb3 Nxd3 15.
Qxd3 Bd7 16. Qb3 Bf6 17. Nxf5 Kh8 18. Ng3 Qe8 19. e4 Ba4 20. Qa2 Nb6 21. Bg5
Bb5 22. Rfc1 Bc6 23. Bxf6 Rxf6 24. b3 e5 25. Nh4 Rf4 26. Nhf5 g6 27. Nd6 Qe6
28. Nc4 Bxe4 29. Nxe4 Rxe4 30. Nxb6 Qxb6 31. b4 Rf8 32. Rc5 Qf6 33. f3 Rd4 34.
Qc2 e4 35. fxe4 Rxe4 36. Qc3 Rd4 37. Qc2 Rxb4 38. Re1 Rd4 39. Rc8 Rfd8 40.
Rxd8+ Rxd8 41. Rf1 Qd4+ 42. Kh1 Qd3 43. Qb2+ Rd4 44. Rf8+ Kg7 45. Qf2 Qb1+ 46.
Qf1 Rd1 47. Rf7+ Kh6 0-1

[Event "X Abierto Constitucion "]
[Site "San Sebastian de los Reyes "]
[Date "2008.12.02"]
[Round "3.13"]
[White "Ramos Fernandez, Pedro"]
[Black "Perez Alvarez, Javier"]
[Result "1-0"]
[WhiteElo "2161"]
[BlackElo "1737"]
[PlyCount "67"]
[EventDate "2008.11.30"]

1. Nf3 Nf6 2. b3 d5 3. Bb2 e6 4. e3 Be7 5. d4 Nbd7 6. Bd3 O-O 7. O-O c6 8. Nbd2
a6 9. Qe2 Re8 10. e4 dxe4 11. Nxe4 Nxe4 12. Qxe4 Nf6 13. Qh4 g6 14. Qf4 Nh5 15.
Qe3 Bf6 16. Ne5 Bg7 17. Rad1 Qc7 18. c4 Nf6 19. Qf3 Qe7 20. Bb1 Bd7 21. Rfe1
Rad8 22. Bc3 Bc8 23. Ba5 Nd7 24. Bxd8 Rxd8 25. Nxd7 Bxd7 26. d5 cxd5 27. cxd5
Rc8 28. d6 Qg5 29. Qxb7 Rd8 30. Be4 Bf8 31. Qxa6 Bb5 32. Qb6 Bg7 33. f4 Qh4 34.
g3 1-0